|
|
|
|
| LEADER |
00000nam a2200000Ia 4500 |
| 008 |
181001bs dr ||||| |||| 00| 0 spa d |
| 999 |
|
|
|c 2508
|d 2508
|
| 090 |
|
|
|a CD #59
|
| 110 |
|
|
|a Instituto Dominicano de Telecomunicaciones
|9 4373
|
| 245 |
1 |
3 |
|a El INDOTEL avances, retos y perspectivas ante la Sociedad de la Información /
|c Instituto Dominicano de Telecomunicaciones
|
| 260 |
|
|
|a República Dominicana :
|b INDOTEL,
|c [Fecha de publiación no identificada]
|
| 300 |
|
|
|a disco compacto
|
| 500 |
|
|
|a Palabras del Presidente del Instituto de Dominicano de las Telecomunicaciones en el congreso de "Tecnología de Información, la comunicación y la Educación a distancia. Desafío en el desarrollo de America Latina" \Documento en formato pdf.
|
| 650 |
1 |
4 |
|a SOCIEDAD DE LA INFORMACIÓN
|9 642
|
| 942 |
|
|
|i 002019
|h CD #59
|2 z
|c 08
|